| 000 | 01350nam a22003374a 4500 | ||
|---|---|---|---|
| 001 | ebr10114260 | ||
| 003 | CaPaEBR | ||
| 006 | m u | ||
| 007 | cr cn||||||||| | ||
| 008 | 040602s2004 njua sb 001 0 eng | ||
| 020 | _z0471237620 (pbk.) | ||
| 040 |
_aCaPaEBR _cCaPaEBR |
||
| 035 | _a(OCoLC)55223327 | ||
| 050 | 1 | 4 |
_aHF5548.34 _b.K67 2004eb |
| 082 | 0 | 4 |
_a338.064 _221 |
| 100 | 1 | _aKornak, Adam. | |
| 245 | 1 | 0 |
_aEnterprise guide to gaining business value from mobile technologies _h[electronic resource] / _cAdam Kornak, Jorn Teutloff and Michael Welin-Berger. |
| 246 | 3 | 0 | _aGaining business value from mobile technologies |
| 260 |
_aHoboken, NJ : _bWiley, _cc2004. |
||
| 300 |
_axix, 316 p. : _bill. |
||
| 504 | _aIncludes bibliographical references and index. | ||
| 533 |
_aElectronic reproduction. _bPalo Alto, Calif. : _cebrary, _d2013. _nAvailable via World Wide Web. _nAccess may be limited to ebrary affiliated libraries. |
||
| 650 | 0 | _aMobile commerce. | |
| 650 | 0 | _aMobile communication systems. | |
| 650 | 0 | _aWireless communication systems. | |
| 655 | 7 |
_aElectronic books. _2local |
|
| 700 | 1 | _aTeutloff, Jorn. | |
| 700 | 1 | _aWelin-Berger, Michael. | |
| 710 | 2 | _aebrary, Inc. | |
| 856 | 4 | 0 |
_uhttp://site.ebrary.com/lib/rucke/Doc?id=10114260 _zAn electronic book accessible through the World Wide Web; click to view |
| 999 |
_c209946 _d209946 |
||